PROGRAMMING ADO (Record no. 4746)

MARC details
000 -LEADER
fixed length control field 00352nam a2200133Ia 4500
008 - FIXED-LENGTH DATA ELEMENTS--GENERAL INFORMATION
fixed length control field 240624s9999 xx 000 0 und d
041 ## - LANGUAGE CODE
Language code of text/sound track or separate title eng
082 ## - DEWEY DECIMAL CLASSIFICATION NUMBER
Classification number 005.117 SCE
100 ## - MAIN ENTRY--PERSONAL NAME
Personal name SCEPPA DAVID
245 ## - TITLE STATEMENT
Title PROGRAMMING ADO
260 ## - PUBLICATION, DISTRIBUTION, ETC.
Date of publication, distribution, etc. 2001
Place of publication, distribution, etc. Bangalore
Name of publisher, distributor, etc. WP Publishers & Distributers(P)Ltd.
300 ## - PHYSICAL DESCRIPTION
Extent xxiii, : 363 : p. : cm. ; 23
365 ## - TRADE PRICE
Currency code RS
Price amount 28
Holdings
Withdrawn status Lost status Damaged status Not for loan Home library Current library Shelving location Date acquired Source of acquisition Cost, normal purchase price Total Holds Full call number Barcode Date last seen Copy number Price effective from Koha item type
        IMTN IMTN Rack 2-A 03/05/2007 IBH 550.00 576 005.117 SCE 4746 06/24/2024 1 06/24/2024 Books
Designed & Maintained by: LRC IMT Nagpur Contact: lrc@imtnag.ac.in© 2024. All Rights Reserved.